Environmental politics in Egypt : (Record no. 19373)
[ view plain ]
| 000 -LEADER | |
|---|---|
| fixed length control field | 01133cam a22003131a 4500 |
| 001 - CONTROL NUMBER | |
| control field | 016877244 |
| 003 - CONTROL NUMBER IDENTIFIER | |
| control field | OSt |
| 005 - DATE AND TIME OF LATEST TRANSACTION | |
| control field | 20150519112819.0 |
| 008 - FIXED-LENGTH DATA ELEMENTS--GENERAL INFORMATION | |
| fixed length control field | 140918s2014 enkbdo frb 001 0 eng d |
| 020 ## - INTERNATIONAL STANDARD BOOK NUMBER | |
| International Standard Book Number | 9781138832220 (pbk) |
| 020 ## - INTERNATIONAL STANDARD BOOK NUMBER | |
| International Standard Book Number | 9780415783002 (hbk) |
| 040 ## - CATALOGING SOURCE | |
| Original cataloging agency | StDuBDS |
| Language of cataloging | eng |
| Transcribing agency | StDuBDS |
| Modifying agency | EG-ScBUE |
| 043 ## - GEOGRAPHIC AREA CODE | |
| Geographic area code | f-ua--- |
| 082 04 - DEWEY DECIMAL CLASSIFICATION NUMBER | |
| Classification number | 333.720962 |
| Item number | SOW |
| Edition number | 22 |
| 100 1# - MAIN ENTRY--PERSONAL NAME | |
| Personal name | Sowers, Jeannie Lynn, |
| Dates associated with a name | 1967- |
| 9 (RLIN) | 38030 |
| 245 10 - TITLE STATEMENT | |
| Title | Environmental politics in Egypt : |
| Remainder of title | activists, experts and the state / |
| Statement of responsibility, etc | Jeannie L. Sowers. |
| 260 ## - PUBLICATION, DISTRIBUTION, ETC. (IMPRINT) | |
| Place of publication, distribution, etc | Abingdon, England ; |
| -- | New York : |
| Name of publisher, distributor, etc | Routledge / Taylor & Francis Group, |
| Date of publication, distribution, etc | 2014. |
| 300 ## - PHYSICAL DESCRIPTION | |
| Extent | xiii, 216 p. : |
| Other physical details | maps, chart, photographs ; |
| Dimensions | 24 cm. |
| 490 0# - Series Statement | |
| Series statement | Routledge studies in Middle Eastern politics ; |
| Volume/sequential designation | 50 |
| 500 ## - GENERAL NOTE | |
| General note | Originally published : 2013. |
| 500 ## - GENERAL NOTE | |
| General note | Index : p. 209-216. |
| 504 ## - BIBLIOGRAPHY, ETC. NOTE | |
| Bibliography, etc | Bibliography : p. 191-208.<br/> |
| 650 #0 - SUBJECT ADDED ENTRY--TOPICAL TERM | |
| Topical term or geographic name as entry element | Environmentalism |
| General subdivision | Political aspects |
| Geographic subdivision | Egypt. |
| Source of heading or term | BUEsh |
| 650 #0 - SUBJECT ADDED ENTRY--TOPICAL TERM | |
| Topical term or geographic name as entry element | Environmental protection |
| General subdivision | Political aspects |
| Geographic subdivision | Egypt. |
| Source of heading or term | BUEsh |
| 651 ## - SUBJECT ADDED ENTRY--GEOGRAPHIC NAME | |
| Source of heading or term | BUEsh |
| 653 ## - INDEX TERM--UNCONTROLLED | |
| Resource For college | BAEPS, Political Science |
| Arrived date list | May2015 |
| 655 ## - INDEX TERM--GENRE/FORM | |
| Form subdivision | |
| -- | 34232 |
| 942 ## - ADDED ENTRY ELEMENTS (KOHA) | |
| Source of classification or shelving scheme | Dewey Decimal Classification |
| Call number prefix | 333.720962 SOW |
| Withdrawn status | Item status | Source of classification or shelving scheme | Damaged status | Not for loan | Home library | Current library | Shelving location | Date acquired | Source of acquisition | Cost, normal purchase price | Serial Enumeration / chronology | Total Checkouts | Total Renewals | Full call number | Barcode | Date last seen | Date last borrowed | Cost, replacement price | Koha item type |
|---|---|---|---|---|---|---|---|---|---|---|---|---|---|---|---|---|---|---|---|
| Dewey Decimal Classification | Central Library | Central Library | First floor | 19/05/2015 | 299.00 | 320 | 5 | 13 | 333.720962 SOW | 000038251 | 15/07/2025 | 15/02/2020 | 373.75 | Book - Borrowing |